| 000 | 00778nam a2200193Ii 4500 | ||
|---|---|---|---|
| 003 | JO-AjNU | ||
| 008 | 230605s9999||||xx |||||||||||||| ||und|| | ||
| 040 |
_aJO-AjNU _bara _erda _cJO-AjNU |
||
| 041 | _aara | ||
| 050 | 1 | 4 | _aHF5686.C8 .Q22 2006 |
| 100 | 3 |
_aتأليف: القباني، ثناء علي, _eauthor _932571 |
|
| 245 | 0 | 0 | _aمدخل استراتيجي لدراسات متقدمة في ادارة التكلفة وتحليل الربحية |
| 264 | 3 | 1 | _aالاسكندرية: الدار الجامعية، 2006 |
| 300 |
_a599ص _bيحتوي على ببلوغرافية من ص587-599ص |
||
| 336 |
_atext _btxt _2rdacontent |
||
| 337 |
_aunmediated _bn _2rdamedia |
||
| 338 |
_avolume _bnc _2rdacarrier |
||
| 650 | 4 |
_aمحاسبة التكاليف دراسات _932572 |
|
| 999 |
_aA13166 _c16734 _d16734 |
||